Footballers That Have Played in the Premier League - Sudden Death - Statistics

General Stats
  • This quiz has been taken 267 times
  • The average score is 7 of 10
Answers on the Grid
Answers color-coded by a green-red scale on the quiz's grid according to % correct below.
Harry Kane
Lionel Messi
Robert Lewandowski
Kylian Mbappe
Bukayo Saka
Omar Marmoush
Jude Bellingham
Kaoru Mitoma
Vinicius Jr
Cristiano Ronaldo
Erling Haaland
Pedri
Lamine Yamal
Neymar Jr
Jordan Pickford
Jamie Vardy
Lautaro Martínez
Florian Wirtz
David Raya
Dominik Szoboszlai
 
Answer Stats
Answer % Correct
Harry Kane
97%
Erling Haaland
84%
Omar Marmoush
80%
Bukayo Saka
75%
Jamie Vardy
74%
Cristiano Ronaldo
68%
Jordan Pickford
67%
Kaoru Mitoma
67%
Dominik Szoboszlai
62%
David Raya
60%
No matching quizzes found
Score Distribution
Percent of People with Each Score
Percentile by Number Answered
Your Score History
You have not taken this quiz